000
00344nam a2200145Ia 4500
008
100122s9999 xx 000 0 und d
082
_b
45409
_a
823
100
_a
WHITTIER BERT
245
_a
ALPHA AND OMEGA
260
_b
A GOLD EAGLE BOOK
_c
1988
300
_a
380
630
_a
ALPHA AND OMEGA
730
_a
ALPHA AND OMEGA
942
_c
BOOK
999
_c
373704
_d
373701